[Event "Isbank Ataturk Women's Masters"]
[Site "Istanbul TUR"]
[Date "2008.03.18"]
[Round "8"]
[White "Atalik,E"]
[Black "Hou Yifan"]
[Result "0-1"]
[WhiteElo "2408"]
[BlackElo "2527"]

1.c4 Nf6 2.Nc3 e5 3.Nf3 Nc6 4.g3 d5 5.cxd5 Nxd5 6.Bg2 Nb6 7.O-O Be7 8.a3 O-O
9.d3 Be6 10.b4 f6 11.Be3 a5 12.b5 Nd4 13.Bxd4 exd4 14.Na4 Qd7 15.Nxb6 cxb6
16.Qa4 Bc5 17.Nd2 Rad8 18.Rfc1 Rfe8 19.Nb3 Bf8 20.Bf3 Bf7 21.Nd2 f5 22.Nc4 Re6
23.Qd1 Qxb5 24.Bxb7 Qd7 25.Bf3 a4 26.Qc2 Bc5 27.Nb2 Be8 28.Qc4 Bf8 29.Qa6 b5
30.Qa5 Qd6 31.Nd1 g6 32.Rc7 Qb6 33.Qxb6 Rxb6 34.e3 Rbd6 35.e4 Rc6 36.Rxc6 Bxc6
37.Bg2 Bd7 38.e5 Rc8 39.Bd5+ Kg7 40.f4 Rc5 41.Bb7 Kf7 42.h4 h6 43.Bf3 Ke6
44.g4 Be7 45.g5 hxg5 46.hxg5 Rc2 47.Nf2 Rc3 48.Kg2 Bxa3 49.Rh1 Be8 50.Rh8 Kd7
51.Bd5 Rc8 52.Nh1 Be7 53.Ng3 Rc5 54.Bg8 b4 55.Nxf5 gxf5 56.Bh7 Bxg5 57.Bxf5+ Ke7
58.Kg3 b3 59.fxg5 b2 60.Rh7+ Kd8 61.Rb7 Rb5  0-1

[Event "ch-CHN w"]
[Site "Beijing CHN"]
[Date "2008.05.29"]
[Round "1"]
[White "Hou Yifan"]
[Black "Ding Yixin"]
[Result "1-0"]
[WhiteElo "2549"]
[BlackElo "2292"]

1.e4 c5 2.Nf3 d6 3.d4 cxd4 4.Nxd4 Nf6 5.Nc3 a6 6.h3 e6 7.g4 Nc6 8.Bg2 Be7
9.Be3 Nd7 10.O-O O-O 11.a4 Nde5 12.Qe2 Nxd4 13.Bxd4 Nc6 14.Be3 Bd7 15.f4 Rc8
16.Kh1 Qc7 17.g5 Rfe8 18.Qf2 f6 19.h4 Rf8 20.Qe2 Na5 21.f5 Nc4 22.Bh3 Nxe3
23.Qxe3 Qc5 24.Qg3 exf5 25.Bxf5 Bxf5 26.Rxf5 Qb4 27.Re1 Qxb2 28.Nd5 Bd8 29.gxf6 Rf7
30.fxg7 Qxg7 31.Qh3 Qh6 32.Rxf7 Kxf7 33.Rf1+ Ke8 34.Nf6+ Bxf6 35.Qe6+ Kd8
36.Qxd6+ Ke8 37.Qe6+  1-0

[Event "ch-CHN w"]
[Site "Beijing CHN"]
[Date "2008.05.30"]
[Round "2"]
[White "Shen Yang"]
[Black "Hou Yifan"]
[Result "1/2-1/2"]
[WhiteElo "2439"]
[BlackElo "2549"]

1.d4 Nf6 2.c4 e6 3.Nf3 b6 4.g3 Ba6 5.Qa4 Bb7 6.Bg2 c5 7.dxc5 bxc5 8.O-O Be7
9.Nc3 O-O 10.Rd1 d6 11.Bf4 a6 12.Rd2 Qc7 13.Rad1 Rd8 14.h3 Nc6 15.g4 Nd4
16.Nh4 Bxg2 17.Nxg2 h6 18.Be3 e5 19.Rc1 Qb7 20.g5 hxg5 21.Bxg5 Nh5 22.Bxe7 Qxe7
23.Qd1 e4 24.Nd5 Qe5 25.Rc3 f5 26.Nh4 Nf4 27.Nxf4 Qxf4 28.e3 Qg5+ 29.Kf1 Nc6
30.Rxd6 Qxh4 31.Qd5+ Kh8 32.Qxc6 Qxh3+ 33.Ke2 Qh5+ 34.Ke1 Qh1+ 35.Ke2 Qh5+  1/2-1/2

[Event "ch-CHN w"]
[Site "Beijing CHN"]
[Date "2008.05.31"]
[Round "3"]
[White "Hou Yifan"]
[Black "Wang Yu A"]
[Result "1-0"]
[WhiteElo "2549"]
[BlackElo "2387"]

1.e4 c5 2.Nf3 e6 3.Nc3 Nc6 4.Bb5 Nd4 5.O-O Nxb5 6.Nxb5 a6 7.Nc3 d6 8.d4 cxd4
9.Qxd4 Nf6 10.Bg5 Be7 11.Rad1 Qc7 12.e5 dxe5 13.Nxe5 O-O 14.Qf4 Nh5 15.Qh4 Bxg5
16.Qxg5 Nf6 17.Rfe1 b5 18.Qh4 Bb7 19.Rd3 Rfd8 20.Rg3 Ne8 21.Ng4 Qc5 22.b4 Qf8
23.Qh5 Rd7 24.a4 Rc8 25.Rh3 Qxb4 26.Qxh7+ Kf8 27.Ne5 Rd4 28.Qh8+ Ke7 29.Qh5 Rxc3
30.Qxf7+ Kd8 31.Qxb7 Rc7 32.Qb8+ Ke7 33.Qxc7+ Nxc7 34.Nc6+ Kd6 35.Nxb4 Rxb4
36.axb5 axb5 37.Rd3+ Nd5 38.Rb3 Rc4 39.Rxb5 Rxc2 40.g3 g5 41.h3  1-0

[Event "ch-CHN w"]
[Site "Beijing CHN"]
[Date "2008.06.02"]
[Round "5"]
[White "Hou Yifan"]
[Black "Gu Xiaobing"]
[Result "1-0"]
[WhiteElo "2549"]
[BlackElo "2225"]

1.e4 c5 2.Nf3 d6 3.d4 cxd4 4.Nxd4 Nf6 5.Nc3 a6 6.Be3 e5 7.Nde2 Be7 8.Ng3 Be6
9.Be2 Nbd7 10.O-O O-O 11.a4 Rc8 12.Qd2 Nb6 13.a5 Nc4 14.Bxc4 Rxc4 15.b3 Rc8
16.Nd5 Bxd5 17.exd5 Ng4 18.Bb6 Qd7 19.f3 Nh6 20.Be3 Nf5 21.Nxf5 Qxf5 22.c4 h6
23.Rac1 Bg5 24.b4 Bxe3+ 25.Qxe3 Qd7 26.Qb3 Rfe8 27.Rfe1 Qd8 28.Qe3 Qd7 29.Qd2 Rcd8
30.h3 Re7 31.Qc2 Rc8 32.Red1 Qe8 33.c5 e4 34.Qe2 exf3 35.Qxf3 Re3 36.Qf4 Re4
37.Qxd6 Rd8 38.Qc7 Re2 39.Qf4 Re4 40.Qd2 Re2 41.Qd4 Re4 42.Qc3 Qe7 43.d6 Qh4
44.b5 axb5 45.a6 Rc4 46.Qe3 Re4 47.Qf2 Qg5 48.axb7 Re6 49.c6 Rf6 50.c7  1-0

[Event "ch-CHN w"]
[Site "Beijing CHN"]
[Date "2008.06.04"]
[Round "7"]
[White "Hou Yifan"]
[Black "Zhang Xiaowen"]
[Result "1/2-1/2"]
[WhiteElo "2549"]
[BlackElo "2361"]

1.e4 e6 2.d4 d5 3.Nc3 Nf6 4.Bg5 Bb4 5.e5 h6 6.Be3 Ne4 7.Qg4 g5 8.a3 h5 9.Qd1 Nxc3
10.Qd2 Ba5 11.bxc3 c5 12.Bb5+ Bd7 13.Bxd7+ Qxd7 14.Ne2 Nc6 15.dxc5 Nxe5 16.Bd4 f6
17.Bxe5 fxe5 18.Qxg5 e4 19.f3 exf3 20.Qg6+ Qf7 21.Qxf7+ Kxf7 22.O-O Ke7 23.Rxf3 Rac8
24.Rb1 b6 25.Nd4 bxc5 26.Rb7+ Kd6 27.Nb5+ Kc6 28.Rff7 Bc7 29.Rbxc7+ Kxb5
30.Rb7+ Kc4 31.Rb3 Rb8 32.Rf4+ d4 33.cxd4 cxd4 34.Re3 Kd5 35.Re1 Rb2 36.Rf7 Rxc2
37.Rd7+ Kc4 38.Rxe6 Rd2 39.Rc6+ Kb5 40.Rcd6 Kc5 41.Rg6 d3 42.Rc7+ Kd5 43.Rd7+ Kc4
44.Rc6+ Kb5 45.Rc3 Rg8 46.Rd5+ Kb6 47.Rd6+ Kb5 48.Rd5+  1/2-1/2

[Event "ch-CHN w"]
[Site "Beijing CHN"]
[Date "2008.06.05"]
[Round "8"]
[White "Zhang Jilin"]
[Black "Hou Yifan"]
[Result "0-1"]
[WhiteElo "2361"]
[BlackElo "2549"]

1.e4 c5 2.Nf3 e6 3.d4 cxd4 4.Nxd4 Nf6 5.Bd3 Nc6 6.Nxc6 bxc6 7.c4 e5 8.O-O Bc5
9.Nc3 d6 10.b3 O-O 11.Bb2 Bd4 12.Na4 Bxb2 13.Nxb2 Be6 14.Bc2 Qe7 15.Qe2 Nd7
16.Rad1 Rfd8 17.Qe3 f6 18.Rd2 Bf7 19.f4 exf4 20.Qxf4 Ne5 21.Na4 Re8 22.h3 Rad8
23.Nc3 Qb7 24.Kh2 Qb4 25.Qg3 Bg6 26.Rdf2 Kh8 27.Nd1 Nf7 28.Rf4 Qb8 29.R1f2 Ng5
30.Nc3 Re5 31.Rd2 Ne6 32.Rf1 Rg5 33.Qf2 d5+ 34.Kh1 d4 35.Ne2 c5 36.Nf4 Nxf4
37.Qxf4 Re5 38.g4 Qb7 39.Re1 h6 40.Kg1 Rde8 41.Rde2 f5 42.gxf5 Bxf5 43.Qxf5 Rxf5
44.exf5 Rxe2 45.Rxe2 Kg8 46.Be4 Qc7 47.Kg2 Qf4 48.Bd3 Kf7 49.Be4 Qg5+ 50.Kf3 Qh5+
51.Kf2 Qxh3 52.Bd5+ Kf6 53.Be6 Qc3  0-1

[Event "ch-CHN w"]
[Site "Beijing CHN"]
[Date "2008.06.07"]
[Round "10"]
[White "Hou Yifan"]
[Black "Tan Zhongyi"]
[Result "1-0"]
[WhiteElo "2549"]
[BlackElo "2353"]

1.e4 c5 2.Nf3 d6 3.d4 cxd4 4.Nxd4 Nf6 5.Nc3 a6 6.Be2 e5 7.Nb3 Be7 8.O-O O-O
9.Kh1 b6 10.f3 Bb7 11.Be3 Nbd7 12.a4 Rc8 13.Qd2 Qc7 14.Rfd1 Rfd8 15.Qe1 d5
16.Nxd5 Nxd5 17.exd5 Qxc2 18.Nd2 Bxd5 19.Bxa6 Ra8 20.Bb5 Bb4 21.Qh4 Bc5 22.Bxc5 Nxc5
23.Rac1 Qf5 24.Nc4 g5 25.Qh5 Bxc4 26.Bxc4 Rd4 27.Rxd4 exd4 28.h4 Qf4 29.Rd1 Rxa4
30.b3 Ra7 31.hxg5 Qg3 32.b4 b5 33.g6 hxg6 34.Qxc5 Qh4+ 35.Kg1 Re7 36.Bf1  1-0

[Event "FSGM July"]
[Site "Budapest HUN"]
[Date "2008.07.05"]
[Round "1"]
[White "Hou Yifan"]
[Black "Nguyen Huynh Minh Huy"]
[Result "1/2-1/2"]
[WhiteElo "2557"]
[BlackElo "2477"]

1.e4 c5 2.Nf3 d6 3.d4 cxd4 4.Nxd4 Nf6 5.Nc3 a6 6.f4 e5 7.Nf3 Nbd7 8.a4 Be7
9.Bd3 O-O 10.O-O Nc5 11.Kh1 exf4 12.Bxf4 Bg4 13.Be3 Rc8 14.Qd2 Re8 15.Bd4 Bh5
16.Rae1 Bg6 17.b4 Ne6 18.Bxf6 Bxf6 19.Nd5 Bh4 20.Rd1 Bh5 21.a5 Bf6 22.Qf2 Ng5
23.Nxg5 Bxg5 24.Rb1 Bg6 25.Qd4 h6 26.Rbe1 Re5 27.Nb6 Rc6 28.Bc4 Bh4 29.Re3 Qe8
30.c3 Bg5 31.Ree1 Bh4 32.Re3 Bg5  1/2-1/2

[Event "FSGM July"]
[Site "Budapest HUN"]
[Date "2008.07.06"]
[Round "2"]
[White "Duong The Anh"]
[Black "Hou Yifan"]
[Result "0-1"]
[WhiteElo "2445"]
[BlackElo "2557"]

1.d4 e6 2.Nf3 c5 3.Nc3 cxd4 4.Nxd4 a6 5.Bf4 d6 6.Bg3 Nf6 7.e3 Be7 8.Be2 Nc6
9.O-O O-O 10.Qd2 Qc7 11.Rad1 Rd8 12.a3 Bd7 13.Nb3 Ne5 14.Qd4 Rac8 15.h3 b5
16.Bh4 Nc4 17.Bxc4 bxc4 18.Nc1 Qb7 19.N1e2 Bc6 20.e4 Nxe4 21.Nxe4 Bxh4 22.Nxd6 Rxd6
23.Qxh4 Rxd1 24.Rxd1 h6 25.Rd8+ Rxd8 26.Qxd8+ Kh7 27.Qd4 Bxg2 28.Qxc4 Bxh3
29.Qd3+ Bf5 30.Qc3 Qe4 31.Nd4 Qg4+ 32.Kf1 Qd1+ 33.Kg2 Bg6 34.b4 f6 35.f3 e5
36.Ne6 Bf5 37.Nc5 Qe2+ 38.Kg3 h5  0-1

[Event "FSGM July"]
[Site "Budapest HUN"]
[Date "2008.07.07"]
[Round "3"]
[White "Hou Yifan"]
[Black "Mas,H"]
[Result "1/2-1/2"]
[WhiteElo "2557"]
[BlackElo "2386"]

1.e4 c5 2.Nf3 d6 3.d4 cxd4 4.Nxd4 Nf6 5.Nc3 a6 6.a4 Nc6 7.Be2 e5 8.Nxc6 bxc6
9.f4 a5 10.O-O Qb6+ 11.Kh1 Be7 12.Qe1 O-O 13.fxe5 dxe5 14.Qg3 Qc7 15.Bh6 Ne8
16.Bc4 Ba6 17.Bxa6 Rxa6 18.Nd1 Rb6 19.b3 Rb4 20.Nf2 f6 21.Bd2 Rb8 22.Nd3 Rf7
23.Bc3 Bf8 24.h3 c5 25.Qe1 c4 26.Bxa5 Qc6 27.Nb4 Bxb4 28.Bxb4 Rfb7 29.c3 cxb3
30.Qd1 Qxe4 31.Qxb3+ Kh8 32.Rad1 Qc6 33.Qa2 Rd7 34.a5 Nc7 35.Rxd7 Qxd7 36.Qe2 Rd8
37.Ra1 h6 38.a6 Ra8 39.a7 Ne6 40.Qg4 Qc6 41.Rd1 Ng5 42.Qd7 Qb6 43.Ra1 Ne4
44.Qd5 Rxa7 45.Rxa7 Ng3+ 46.Kh2 Nf1+  1/2-1/2

[Event "FSGM July"]
[Site "Budapest HUN"]
[Date "2008.07.08"]
[Round "4"]
[White "Varga,Zo"]
[Black "Hou Yifan"]
[Result "1/2-1/2"]
[WhiteElo "2479"]
[BlackElo "2557"]

1.e4 Nf6 2.e5 Nd5 3.c4 Nb6 4.d4 d6 5.exd6 exd6 6.Nc3 Be7 7.Bd3 Nc6 8.Nge2 O-O
9.h3 Bf6 10.O-O Re8 11.b3 d5 12.c5 Nd7 13.Nxd5 Nxc5 14.Bc4 Be6 15.Nxf6+ Qxf6
16.Be3 Bxc4 17.bxc4 Ne4 18.Nf4 Rac8 19.Nd5 Qe6 20.Qa4 a6 21.Rac1 Nd6 22.Rfe1 Nf5
23.Qb3 b5 24.Qc3 Nce7 25.Nxe7+ Qxe7 26.cxb5 axb5 27.Bf4 Qd7 28.Rxe8+ Rxe8
29.Qxc7 Qxd4 30.Qc6 Rf8 31.g3 Qb2 32.Qc2 Qf6 33.Qe4 g6 34.Kg2 Qa6 35.Rc2 h5
36.g4 Ng7 37.Bh6 Re8 38.Qc6 Qxc6+ 39.Rxc6 hxg4 40.hxg4 Ra8 41.Bxg7 Kxg7 42.Rb6 Rxa2
43.Rxb5  1/2-1/2

[Event "FSGM July"]
[Site "Budapest HUN"]
[Date "2008.07.09"]
[Round "5"]
[White "Hou Yifan"]
[Black "Berczes,D"]
[Result "1-0"]
[WhiteElo "2557"]
[BlackElo "2458"]

1.e4 e6 2.d4 d5 3.Nc3 Nf6 4.Bg5 dxe4 5.Nxe4 Be7 6.Bxf6 gxf6 7.Nf3 a6 8.Bd3 f5
9.Ng3 h5 10.h4 c5 11.dxc5 Qa5+ 12.c3 Qxc5 13.Qd2 Qc7 14.O-O-O Nc6 15.Rhe1 Bd7
16.Ng5 Ne5 17.Bxf5 O-O-O 18.Qe2 Bf6 19.Nxf7 Bb5 20.Nxd8 Bxe2 21.Nxe6 Qc4
22.Nxe2 Qxa2 23.Nc5+ Kb8 24.Be6 Qa5 25.b4 Qc7 26.f4 Be7 27.fxe5 Bxc5 28.bxc5 Qxc5
29.Kc2 Qxe5 30.Nd4 Qg3 31.Bd5 Rc8 32.Bf3 Qxh4 33.Rb1 Rc7 34.Re8+ Ka7 35.Bxb7 Qf2+
36.Kd3 Qg3+ 37.Ke2  1-0

[Event "FSGM July"]
[Site "Budapest HUN"]
[Date "2008.07.10"]
[Round "6"]
[White "Rajlich,I"]
[Black "Hou Yifan"]
[Result "1/2-1/2"]
[WhiteElo "2417"]
[BlackElo "2557"]

1.d4 Nf6 2.Nf3 e6 3.e3 b6 4.Bd3 Bb7 5.O-O d5 6.b3 Bd6 7.Nbd2 O-O 8.Bb2 c5
9.Qe2 Nc6 10.a3 Rc8 11.Ne5 Ne7 12.f4 Ne4 13.Bxe4 dxe4 14.dxc5 Rxc5 15.c4 f6
16.Ng4 Rc7 17.Rfd1 Nf5 18.Nf1 Qe7 19.Ng3 a5 20.Nf2 Nxg3 21.hxg3 Rd7 22.Bd4 Bc7
23.Qh5 Bc6 24.Bc3 Rxd1+ 25.Qxd1 Bd6 26.b4 Ra8 27.Bd4 Bc7 28.b5 Bb7 29.Qh5 e5
30.fxe5 fxe5 31.Bb2 Qf7 32.Qg4 Rf8 33.Qe2 Qg6 34.Rd1 Bc8 35.a4 Bd6 36.Qd2 Bc5
37.Bxe5 Be6 38.Qc3 h6 39.Bd6 Bxd6 40.Rxd6 Qxg3 41.Nxe4 Qg6 42.Qe5 Re8 43.Rxb6 Qg4
44.Rb8 Rxb8 45.Qxb8+ Kh7 46.Qe5 Bxc4 47.b6 Ba6 48.Nc5 Qd1+ 49.Kh2 Bc8 50.b7 Bxb7
51.Nxb7 Qxa4 52.e4  1/2-1/2

[Event "FSGM July"]
[Site "Budapest HUN"]
[Date "2008.07.12"]
[Round "8"]
[White "Hou Yifan"]
[Black "Toth,E"]
[Result "1-0"]
[WhiteElo "2557"]
[BlackElo "2409"]

1.e4 e6 2.d4 d5 3.Nc3 Bb4 4.e5 c5 5.a3 Bxc3+ 6.bxc3 Ne7 7.h4 Nbc6 8.h5 h6
9.Nf3 Qa5 10.Bd2 Bd7 11.g3 c4 12.Bh3 O-O-O 13.O-O Rdf8 14.Qe2 f5 15.exf6 Rxf6
16.a4 Rhf8 17.Bg4 Nf5 18.Rab1 Nd6 19.Ne5 Ne4 20.Nxd7 Kxd7 21.Rxb7+ Kc8 22.Rxg7 Nxd4
23.cxd4 Qxd2 24.Qxd2 Nxd2 25.Re1 Rxf2 26.Bxe6+ Kb8 27.Bxd5 Rf1+ 28.Rxf1 Rxf1+
29.Kg2 Rc1 30.Kf2 Rxc2 31.Ke3 Rb2 32.Rg6 Nf1+ 33.Kf3 Nh2+ 34.Kf4 c3 35.Rxh6 Rf2+
36.Ke4 Ng4 37.Rc6 c2 38.Kd3 Rh2 39.Bf3 Rh3 40.Bxg4  1-0

[Event "FSGM July"]
[Site "Budapest HUN"]
[Date "2008.07.13"]
[Round "9"]
[White "Kjartansson,G"]
[Black "Hou Yifan"]
[Result "1-0"]
[WhiteElo "2328"]
[BlackElo "2557"]

1.d4 Nf6 2.c4 e6 3.Nf3 c5 4.d5 exd5 5.cxd5 d6 6.Nc3 g6 7.e4 a6 8.h3 b5 9.Bd3 Bg7
10.O-O Nbd7 11.Bf4 Qb6 12.a4 Nh5 13.Be3 b4 14.a5 Qd8 15.Na4 O-O 16.Nd2 Re8
17.Nc4 Ne5 18.Nab6 Nxc4 19.Nxc4 Qc7 20.Re1 Bb7 21.Qd2 Rad8 22.Rad1 Bc8 23.g4 Nf6
24.Bf4 h5 25.f3 Bf8 26.Qh2 Nh7 27.gxh5 g5 28.Bc1 Qe7 29.Kh1 Kh8 30.f4 Bh6
31.f5 Bg7 32.Rg1 Bf6 33.Rg4 Rg8 34.Rdg1 Bd4 35.R1g2 f6 36.h4 Bd7 37.Qxd6 Qe8
38.Qh2 Bb5 39.hxg5 fxg5 40.b3 Bxc4 41.bxc4 Qa4 42.Qh3 Nf6 43.Bb2 Bxb2 44.Rxb2 Nxg4
45.Qxg4 Qa1+ 46.Rb1 Qe5 47.Kg2 Qc3 48.Qg3 Rge8 49.Re1 Re5 50.Kh2 Rg8 51.f6 g4
52.f7 Rxh5+ 53.Kg2 Rf8 54.e5 Rxf7 55.e6 Qd2+ 56.Re2 Qd1 57.exf7 Qh1+ 58.Kf2 Rh2+
59.Ke3 Qc1+ 60.Ke4 Qh1+ 61.Kf4 Qf1+ 62.Kxg4 Rxe2 63.Qb8+  1-0

[Event "FSGM July"]
[Site "Budapest HUN"]
[Date "2008.07.14"]
[Round "10"]
[White "Hou Yifan"]
[Black "Ilincic,Z"]
[Result "1-0"]
[WhiteElo "2557"]
[BlackElo "2519"]

1.e4 e5 2.Bc4 Nc6 3.Nf3 Bc5 4.c3 Nf6 5.d3 d6 6.Bb3 a6 7.h3 Ba7 8.O-O O-O
9.Nbd2 Ne7 10.Re1 Ng6 11.Nf1 c6 12.Ng3 d5 13.Bg5 h6 14.Bxf6 Qxf6 15.exd5 cxd5
16.Bxd5 Rd8 17.Be4 Nf4 18.Qc2 g6 19.Ne2 Ne6 20.d4 exd4 21.Nexd4 Bxd4 22.cxd4 Nxd4
23.Nxd4 Rxd4 24.Bxg6 Bxh3 25.Be4 Rc8 26.Qb3 Be6 27.Qg3+ Qg7 28.Qxg7+ Kxg7
29.Bxb7 Rb8 30.Bxa6 Rxb2 31.a4 Rdd2 32.a5 Rxf2 33.Bb7 Bc8 34.Bf3 Ba6 35.Re7 Rfd2
36.Ra4 Rd6 37.Rf4 Rf6 38.Rxf6 Kxf6 39.Ra7 Bd3 40.Kh2 Ke6 41.Ra8 Ra2 42.Kg3 Bc4
43.Kf4 Ra4 44.Re8+ Kd6 45.Re4 f5 46.Bd1 fxe4 47.Bxa4 Kc5 48.Bc2 Kb5 49.Bxe4 Kxa5
50.Kf5 Kb4 51.Kg6 Kc5 52.Kxh6 Kd4 53.Bg6 Ke3 54.g4 Kf4 55.g5 Bd5 56.Bc2 Bf7
57.Bd3 Kg4 58.Bg6 Bc4 59.Bh5+ Kf5 60.g6 Kf6 61.g7 Bg8 62.Be2 Kf5 63.Bd3+ Kf6
64.Bc2 Ke7 65.Kg6 Ke8 66.Kf6 Kd8 67.Bf5 Ke8 68.Bg6+ Kd8 69.Bf7 Bh7 70.Kg5 Ke7
71.Kh6  1-0

[Event "FSGM July"]
[Site "Budapest HUN"]
[Date "2008.07.15"]
[Round "11"]
[White "Fogarasi,T"]
[Black "Hou Yifan"]
[Result "0-1"]
[WhiteElo "2429"]
[BlackElo "2557"]

1.e4 c5 2.Nf3 d6 3.d4 cxd4 4.Nxd4 Nf6 5.Nc3 a6 6.Be2 e6 7.O-O Be7 8.a4 Nc6
9.Be3 O-O 10.f4 Qc7 11.Kh1 Bd7 12.Nb3 b6 13.Bf3 Bc8 14.Qe2 Bb7 15.Rad1 Rac8
16.g4 Nd7 17.g5 Rfe8 18.Bg2 Nb4 19.Rd4 Nc6 20.Rd2 Na5 21.Nxa5 bxa5 22.Qf2 Bf8
23.Qh4 g6 24.Rf3 Bg7 25.Rh3 Nf8 26.f5 exf5 27.exf5 Bxg2+ 28.Rxg2 Bxc3 29.bxc3 Qxc3
30.Bg1 Qc6 31.f6 Re2 32.Rg3 Rxc2 33.h3 Rb8 34.Kh2 Rbb2 35.Qg4 Ne6  0-1

[Event "FSGM July"]
[Site "Budapest HUN"]
[Date "2008.07.17"]
[Round "13"]
[White "Kislik,E"]
[Black "Hou Yifan"]
[Result "0-1"]
[WhiteElo "2302"]
[BlackElo "2557"]

1.e4 e6 2.d4 d5 3.Nc3 Bb4 4.e5 c5 5.a3 Bxc3+ 6.bxc3 Qa5 7.Bd2 Qa4 8.Rb1 c4
9.Qc1 Nc6 10.Nf3 b6 11.Be2 Bd7 12.O-O Nge7 13.Ne1 O-O-O 14.g3 f6 15.f4 h5
16.Ng2 Nf5 17.Qb2 Be8 18.Rbe1 Bg6 19.Bf3 Rde8 20.Rf2 Rhf8 21.Ree2 Re7 22.Ne1 Nh6
23.Bc1 Ref7 24.Qa1 Ng4 25.Rf1 fxe5 26.dxe5 Nh6 27.Bb2 h4 28.Qd1 hxg3 29.hxg3 Nf5
30.Kf2 Qa5 31.Qd2 Qc5+ 32.Kg2 Rh8 33.g4  0-1

[Event "WCh-Junior"]
[Site "Gaziantep TUR"]
[Date "2008.08.08"]
[Round "7"]
[White "Laznicka,V"]
[Black "Hou Yifan"]
[Result "0-1"]
[WhiteElo "2601"]
[BlackElo "2557"]

1.Nf3 Nf6 2.c4 c5 3.g3 Nc6 4.Bg2 d6 5.d4 cxd4 6.Nxd4 Bd7 7.Nc3 g6 8.O-O Bg7
9.Nc2 O-O 10.b3 Qc8 11.Re1 Bh3 12.Bd2 Bxg2 13.Kxg2 a6 14.a4 Rd8 15.e4 e6
16.Ne3 Nb4 17.Qf3 Qc6 18.Rec1 Qe8 19.Rd1 Nd7 20.Rab1 Ne5 21.Qe2 Nec6 22.Qf1 Nd4
23.Ne2 Nbc6 24.Nxd4 Nxd4 25.Ba5 Rd7 26.Qd3 Nc6 27.Bc3 Bxc3 28.Qxc3 f5 29.b4 Rc8
30.c5 d5 31.exd5 exd5 32.Nxd5 Rxd5 33.Qc4 Ne7 34.Rxd5 Qc6 35.Rd1 b5 36.Qd4 Rd8
37.Qf6 Qxf6 38.Rxd8+ Kf7 39.R1d6 Qe5 40.axb5 axb5 41.R8d7 Qe4+ 42.Kg1 Qxb4
43.c6 Qe1+ 44.Kg2 b4 45.c7 Qc1 46.Rb6 b3 47.f3 Qc2+ 48.Kh3 f4 49.g4 h5 50.Rb8 hxg4+
51.fxg4 b2 52.Rxb2 Qc3+ 53.Kh4 Qh8+  0-1

[Event "WCh-Junior"]
[Site "Gaziantep TUR"]
[Date "2008.08.13"]
[Round "11"]
[White "Hou Yifan"]
[Black "Mamedov,Rau"]
[Result "1/2-1/2"]
[WhiteElo "2557"]
[BlackElo "2627"]

1.e4 c5 2.Nc3 d6 3.f4 g6 4.Nf3 Bg7 5.Bc4 Nc6 6.O-O e6 7.f5 gxf5 8.exf5 d5
9.fxe6 Bxe6 10.Bb5 Ne7 11.d4 cxd4 12.Nxd4 O-O 13.Be3 a6 14.Bxc6 Nxc6 15.Kh1 Kh8
16.h3 Bxh3 17.Nxc6 bxc6 18.Qh5 Be6 19.Ne2 Rb8 20.Rf4 Qe7 21.Nd4 f5 22.Nxc6 Qe8
23.Qxe8 Rbxe8 24.Bd4 Bd7 25.Bxg7+ Kxg7 26.Nd4 Re4 27.Raf1 Kf6 28.c3 Ke5 29.g3 a5
30.Nb3 Bb5 31.R1f2 a4 32.Nd4 Bd7 33.Kg2 Rc8 34.a3 Rf8 35.Nf3+ Kd6 36.Nd4 Ke5
37.Nc2 Rg8 38.R4f3 h5 39.Nd4 h4 40.Nxf5 Bxf5 41.Rxf5+ Kd6 42.Rd2 Rxg3+ 43.Kh2 Re5
44.Rf4 Rge3 45.Rxh4 Re2+ 46.Rxe2 Rxe2+ 47.Kg3 Rxb2 48.Rxa4 Rb3 49.Kf2 Rxc3
50.Ke2 Rc4 51.Rxc4 Ke5  1/2-1/2

[Event "1st WMSG Blitz Ind w"]
[Site "Beijing CHN"]
[Date "2008.10.04"]
[Round "1"]
[White "Zawadzka,J"]
[Black "Hou Yifan"]
[Result "0-1"]
[WhiteElo "2378"]
[BlackElo "2578"]

1.e4 Nf6 2.e5 Nd5 3.d4 d6 4.Nf3 g6 5.c4 Nb6 6.Nc3 Bg7 7.Be3 Nc6 8.exd6 cxd6
9.Be2 Bg4 10.O-O O-O 11.h3 Bxf3 12.gxf3 e5 13.d5 Ne7 14.f4 Nf5 15.Qd3 Qh4
16.Bxb6 axb6 17.Bg4 Nd4 18.Qg3 Qe7 19.Rae1 f5 20.Bd1 Kh8 21.fxe5 dxe5 22.a3 f4
23.Qd3 Qh4 24.Kh2 f3 25.Re4 Rf4 26.Rxf4 Qxf4+ 27.Kh1 Qh4 28.Kh2 Rf8 29.Ne4 Bh6
30.Ng3 Rf4 31.Re1 Bg7 32.b4 Rf8 33.Qe4 Qd8 34.c5 bxc5 35.bxc5 Rf4 36.Qb1 Qxd5
37.Qb6 Rf8 38.Ne4 Bh6 39.Qd6 Bf4+ 40.Kh1 Qf7 41.a4 Qf5 42.Kg1 Ne6 43.Bxf3 Qxh3
44.Bg2  0-1

[Event "1st WMSG Blitz Ind w"]
[Site "Beijing CHN"]
[Date "2008.10.04"]
[Round "3"]
[White "Harika,D"]
[Black "Hou Yifan"]
[Result "0-1"]
[WhiteElo "2461"]
[BlackElo "2578"]

1.Nf3 Nf6 2.c4 c5 3.Nc3 d6 4.g3 Nc6 5.Bg2 g6 6.O-O Bg7 7.d4 cxd4 8.Nxd4 Bd7
9.Nc2 O-O 10.b3 Qc8 11.Re1 Bh3 12.Bh1 Ng4 13.Bb2 Qf5 14.f3 Qxc2 15.Qxc2 Bd4+
16.e3 Nxe3 17.Qf2 Nc2 18.Qxd4 N6xd4 19.Rad1 e5 20.Re4 Bf5 21.Rd2 Bxe4 22.Nxe4 Nb4
23.f4 Nbc6 24.Nf6+ Kg7 25.fxe5 dxe5 26.Nd7 Rfd8 27.Nxe5 f6 28.Nxc6 Nxc6 29.Bd5 Ne7
30.Kf2 Nxd5 31.cxd5 Rd7 32.Ba3 Rad8 33.d6 Kf7 34.Re2 Rc8 35.h4 Rc6 36.Kf3 a5
37.g4 b5 38.g5 fxg5 39.hxg5 b4 40.Bb2 Rcxd6 41.Rh2 Ke6 42.Re2+ Kf7 43.Rh2 Rd2
44.Rxh7+ Ke6 45.Rxd7 Kxd7 46.Bf6 Rxa2  0-1

[Event "1st WMSG Blitz Ind w"]
[Site "Beijing CHN"]
[Date "2008.10.04"]
[Round "5"]
[White "Houska,Jo"]
[Black "Hou Yifan"]
[Result "0-1"]
[WhiteElo "2399"]
[BlackElo "2578"]

1.d4 Nf6 2.Nf3 e6 3.c4 b6 4.g3 Ba6 5.b3 Bb4+ 6.Bd2 Be7 7.Bg2 c6 8.O-O O-O
9.Bc3 d5 10.Ne5 Nfd7 11.Nxd7 Nxd7 12.Nd2 f5 13.a4 Nf6 14.a5 Bd6 15.Qc2 b5
16.c5 Bc7 17.b4 Qe7 18.Nf3 Bc8 19.Ne5 Bd7 20.e3 a6 21.f3 Be8 22.Rae1 Bxe5
23.dxe5 Nd7 24.e4 fxe4 25.fxe4 Bg6 26.Qd2 Rac8 27.Bd4 h6 28.Bc3 Rcd8 29.Rxf8+ Rxf8
30.exd5 cxd5 31.c6 Nb8 32.Bd4 Rc8 33.Bc5 Qe8 34.Rf1 Qxc6 35.Bh3 Nd7 36.Bd6 Re8
37.Rc1 Qa8 38.Rc7 Qd8 39.Qc3 Nf8 40.Qc6 Qg5 41.Qb7 Qe3+ 42.Kf1 Bd3+ 43.Kg2 Qe2+
44.Kg1 Qe1+ 45.Kg2 Be4+  0-1

[Event "1st WMSG Blitz Ind w"]
[Site "Beijing CHN"]
[Date "2008.10.04"]
[Round "7"]
[White "Ju Wenjun"]
[Black "Hou Yifan"]
[Result "1/2-1/2"]
[WhiteElo "2397"]
[BlackElo "2578"]

1.Nf3 Nf6 2.g3 c5 3.Bg2 Nc6 4.c4 d6 5.O-O g6 6.d4 cxd4 7.Nxd4 Bd7 8.Nc3 Bg7
9.Nc2 O-O 10.b3 Qc8 11.Bb2 Bh3 12.Rc1 Bxg2 13.Kxg2 Nd7 14.Ne3 Nc5 15.Qd2 Rd8
16.Ncd5 Bxb2 17.Qxb2 Qd7 18.h3 f5 19.g4 Rf8 20.gxf5 gxf5 21.Kh2 e5 22.f4 Rae8
23.Rg1+ Kh8 24.Rcf1 Nd4 25.Rg2 Ne4 26.Nc2 Nxc2 27.Qxc2 Rg8 28.Rfg1 Rxg2+
29.Rxg2 Qf7 30.Qd3 Rg8 31.Rxg8+ Kxg8 32.Qf3 Kf8 33.Ne3 Nd2 34.Qf2 Ne4 35.Qf3 Nd2
36.Qg3 Ne4 37.Qf3 Nd2 38.Qf2 Ne4 39.Qf3 Nd2 40.Qf2 Ne4 41.Qf3  1/2-1/2

[Event "1st WMSG Blitz Ind w"]
[Site "Beijing CHN"]
[Date "2008.10.04"]
[Round "8"]
[White "Zhao Xue"]
[Black "Hou Yifan"]
[Result "0-1"]
[WhiteElo "2518"]
[BlackElo "2578"]

1.Nf3 Nf6 2.c4 c5 3.d4 cxd4 4.Nxd4 b6 5.f3 Bb7 6.e4 d6 7.Nc3 e6 8.Be3 a6
9.Be2 Nbd7 10.O-O Be7 11.Qd2 O-O 12.Kh1 Rc8 13.Rfc1 Qc7 14.Bf1 Qb8 15.a4 Bd8
16.Nb3 Ne5 17.a5 bxa5 18.c5 d5 19.Bf4 dxe4 20.fxe4 Bc7 21.Nxa5 Nxe4 22.Qe3 Ng4
23.Bxc7 Qxc7 24.Qh3 Ngf2+  0-1

[Event "1st WMSG Blitz Ind w"]
[Site "Beijing CHN"]
[Date "2008.10.04"]
[Round "10"]
[White "Hou Yifan"]
[Black "Xu Yuhua"]
[Result "0-1"]
[WhiteElo "2578"]
[BlackElo "2477"]

1.e4 e6 2.d4 d5 3.Nc3 Nf6 4.Bg5 dxe4 5.Nxe4 Nbd7 6.Nf3 h6 7.Nxf6+ Nxf6 8.Bh4 c5
9.Bd3 cxd4 10.Nxd4 a6 11.O-O Bc5 12.Nf3 O-O 13.Ne5 Bd4 14.Qe2 Bxb2 15.Rad1 Qe7
16.c4 Bc3 17.Ng4 Qc5 18.Nxf6+ Bxf6 19.Qe4 Qf5 20.Bxf6 Qxe4 21.Bxe4 gxf6 22.Rb1 Rb8
23.Rb6 Rd8 24.Rfb1 Rd4 25.Bf3 Rxc4 26.g3 Rc2 27.a4 Bd7 28.R1b4 Ra2 29.Bxb7 Ra1+
30.Kg2 Rxb7 31.Rxb7 Bc6+ 32.Kh3 Bxb7 33.Rxb7 Rxa4 34.Ra7 f5 35.Kg2 Ra3 36.h4 h5
37.Kf1 Ra2 38.Kg2 Ra3 39.Kf1 Kg7 40.Ke2 Kf6 41.Kd2 e5 42.Ke2 f4 43.gxf4 exf4
44.Rb7 Ke6 45.Ra7 f6 46.Rh7 Ra5 47.Kf3 Rb5 48.Kxf4 a5 49.Ra7 Rb4+ 50.Ke3 a4
51.f4 Kf5 52.Ra5+ Kg4 53.Ra6 f5 54.Ra7 Re4+ 55.Kf2 Rxf4+ 56.Kg2 Rb4 57.Rg7+ Kxh4
58.Rf7 Kg4 59.Rg7+ Kf4 60.Rh7 Rb2+ 61.Kh3 a3 62.Ra7 a2 63.Ra4+ Kg5 64.Kg3 h4+
65.Kh3 Rb3+ 66.Kg2 Rb2+ 67.Kh3 f4 68.Ra5+ Kf6 69.Kxh4 Rg2 70.Kh3 f3 71.Ra3 Ke5
72.Ra5+ Ke4 73.Ra4+ Ke3 74.Ra3+ Kd4 75.Ra4+ Kc5 76.Ra5+ Kb4 77.Ra8 Kb3 78.Rb8+ Kc2
79.Ra8 Kb1 80.Rb8+ Rb2  0-1

[Event "1st WMSG Blitz Ind w"]
[Site "Beijing CHN"]
[Date "2008.10.04"]
[Round "11"]
[White "Sachdev,T"]
[Black "Hou Yifan"]
[Result "0-1"]
[WhiteElo "2425"]
[BlackElo "2578"]

1.d4 e6 2.Nf3 Nf6 3.c4 b6 4.g3 Ba6 5.b3 Bb4+ 6.Bd2 Be7 7.Bg2 c6 8.Bc3 d5
9.Ne5 Nfd7 10.Nxd7 Nxd7 11.Nd2 O-O 12.O-O f5 13.Re1 Nf6 14.e3 Bd6 15.Bb2 Rc8
16.Rc1 Qe7 17.Qc2 Ne4 18.f3 Nxd2 19.Qxd2 Bb4 20.Bc3 Ba3 21.Bb2 Bb4 22.Bc3 Ba3
23.Rb1 dxc4 24.Bf1 Bd6 25.bxc4 c5 26.d5 exd5 27.cxd5 Bxf1 28.Kxf1 Qd7 29.Kg2 Rce8
30.e4 fxe4 31.fxe4 Be5 32.Qb2 Qd6 33.Re2 h6 34.Rbe1 Bxc3 35.Qxc3 Re5 36.Rf2 Rfe8
37.Rfe2 b5 38.Qb3 a6 39.a3 c4 40.Qb2 Qc5 41.Re3 a5 42.Qf2 b4 43.axb4 axb4
44.Rf1 Qe7 45.Qd2 c3 46.Qa2 Kh8 47.Rfe1 Qc5 48.R1e2 Rb8 49.Qb3 Ra8 50.Rf3 Ra3
51.Qd1 Qd6 52.Qf1 Ra8 53.Qb1 Rb8 54.Qb3 Rbe8 55.Rfe3 Qc5 56.Qc2 Qc4 57.Qd1 b3
58.d6 c2 59.Qc1 b2  0-1

[Event "1st WMSG Rapid Ind w"]
[Site "Beijing CHN"]
[Date "2008.10.05"]
[Round "1"]
[White "Vasilevich,T"]
[Black "Hou Yifan"]
[Result "1-0"]
[WhiteElo "2368"]
[BlackElo "2578"]

1.d4 e6 2.Nf3 Nf6 3.e3 b6 4.Bd3 Bb7 5.O-O d5 6.b3 Bd6 7.Bb2 O-O 8.Nbd2 c5
9.Ne5 Nc6 10.a3 Rc8 11.f4 Ne7 12.Qf3 b5 13.dxc5 Bxc5 14.Qh3 Ne4 15.Rad1 Qc7
16.Nd7 Nf5 17.Nxe4 Bxe3+ 18.Kh1 f6 19.Nexf6+ gxf6 20.Nxf8 Rxf8 21.Bxf5 d4
22.Bxe6+ Kh8 23.Bxd4 Bxd4 24.Rxd4 Qxc2 25.Rd7 Be4 26.f5  1-0